| 000 | 00412nam a2200145Ia 4500 | ||
|---|---|---|---|
| 008 | 231129s2003||||xx |||||||||||||| ||spa|| | ||
| 020 | _a84-397-0487-9 | ||
| 040 | _bspa | ||
| 082 | _a 291.4 W222c | ||
| 100 | _aWalsch Neale Donald | ||
| 245 | 0 | _aConversaciones con Dios: Una experiencia extraordinaria | |
| 260 | _c2003 | ||
| 264 | _aGrijalbo Mondadori | ||
| 942 |
_2ddc _cBKS |
||
| 999 |
_c8090 _d8090 |
||